Statistics for Richest Countries in North America

Click here to take the quiz!

General Stats

  • This quiz has been taken 22 times
  • The average score is 8 of 10

Answer Stats

GDPCountry% Correct
$57.800Canada
100%
$22.200Mexico
100%
$76.000United States
95%
$40.300Bahamas
81%
$36.100Panama
81%
$27.600Saint Kitts and Nevis
71%
$24.500Costa Rica
62%
$23.900Dominican Republic
62%
$29.800Trinidad and Tobago
62%
$21.800Antigua and Barbuda
57%

Score Distribution

Percentile by Number Answered

Percent of People with Each Score

Your Score History

You have not taken this quiz